Statistics for Countries with the Most Skyscrapers

Click here to take the quiz!

General Stats

  • This quiz has been taken 36,349 times
    (21,420 since last reset)
  • The average score is 16 of 21

Answer Stats

# Country % Correct
727United States
100%
1510China
99%
221Japan
95%
84Canada
93%
43Russia
91%
133India
89%
227United Arab Emirates
87%
29Mexico
87%
99Australia
85%
208South Korea
82%
83Indonesia
80%
27Saudi Arabia
79%
82Singapore
77%
53Malaysia
74%
74Thailand
72%
38Taiwan
65%
35Qatar
64%
41Turkey
59%
43Philippines
58%
51Israel
41%
52Panama
20%

Score Distribution

Percentile by Number Answered

Percent of People with Each Score

Your Score History

You have not taken this quiz since the last reset